Responses for Show #4066 - Monday, April 15, 2002

(Sarah: Stay tuned for Jeopardy! and learn some important baseball skills. Pbht!)

Contestants

[<< previous game]

Mary Mindel, a homemaker from Webster Groves, Missouri

Ben Bass, an attorney from Chicago, Illinois

Erik Rockom, a finish carpenter from Seattle, Washington (whose 2-day cash winnings total $35,599)

[next game >>]

Jeopardy! Round responses

KENTUCKY
TV SITCOM DADS
(Alex: You have to identify the show.)
FILL IN THE BANK
A CHRISTIE MYSTERY
"IN" WORDS
AS EASY AS A,B,C
    $200 11
bourbon

Mary
    $200 16
Happy Days

Mary
    $200 24
an eye bank

Ben
    $200 21
Murder on the Orient Express

Ben
    $200 1
indivisible

Erik
    $200 6
Battery

Mary
    $400 12
"...divided we fall"

Erik
    $400 17
Bewitched

Ben
    $400 25
(Erik: What is Bank of London?)

Bank of England

ErikBen
    $400 22
Miss Marple

Erik
    $400 2
infamy

Erik
    $400 7
brave

Erik
    $600 13
Frankfort

Mary
    $600 18
Father Knows Best

Mary
    $600 26
the West Bank

Erik
    $600 23
Death on the Nile

Erik
    $600 3
infantry

Mary
    $600 8
apple

Triple Stumper
    $800 14
Mammoth Cave

Erik
    $800 19
My Two Dads

Erik
    $800 27
memory bank

Erik
    $800 29
Hercule Poirot

Erik
    $800 4
an incubator

Erik
    $800 9
collegio

Mary
    $1000 15
(Ben: What is Massachusetts?)

Virginia

BenMary
    $1000 20
Growing Pains

Ben
    $1000 28
Red Bank

Ben
    $1000 30
The Mousetrap

Erik
    $1000 5
(Mary: What is an interrogatory mark?)

interrogation mark

Mary
Triple Stumper
    $1000 10
camellia

Erik

Scores at the first commercial break (after clue 15):

Erik Ben Mary
$4,000 -$1,000 $2,400

Scores at the end of the Jeopardy! Round:

Erik Ben Mary
$8,600 $2,200 $3,200

Double Jeopardy! Round responses

CHEMISTRY
INSIDE BASEBALL
HEARD OF HARDING
DEB-UTANTES
EARLY AUTOMAKERS
AS TOUGH AS "X", "Y", "Z"
    $400 13
(Robert) Boyle

Ben
    $400 1
batting average

Erik
    $400 6
a newspaper

Erik
    $400 16
Debbie Allen

Erik
    $400 21
(Ransom) Olds

Ben
    $400 8
(Erik: Who is St. Francis of Assisi?)
(Mary: Who is St. Francis de Sales?)

St. Francis Xavier

ErikMary
Triple Stumper
    $800 14
(Erik: Who is Fermi?)

Alessandro Volta

Erik
Triple Stumper
    $800 2
squeeze play

Erik
    $800 7
Ohio

Triple Stumper
    $800 17
Debra Messing

Ben
    $800 23
Ford

Erik
    $800 9
the Zapatistas

Erik
    $1200 15
(Erik: What is -ium?)

-ide

ErikMary
    $1200 3
a pinch hitter

Erik
    $400 29
(Alex: You're in the lead.)
(Ben: Let's keep it that way.)
(Alex: Oh. All right.)

a "smoke-filled room"

Ben
    $1200 18
Debbie Gibson

Ben
    $1200 24
Nash

Erik
    $1200 10
(Erik: What are yaks?)

yeti

ErikMary
    $1600 25
surface tension

Ben
    $1600 4
a pitchout

Mary
    $1600 27
[Alex originally says 17th, but corrects himself later.]

the 18th (or Prohibition)

Triple Stumper
    $1600 19
Deborah Norville

Mary
    $1600 22
the Arrow

Mary
    $1600 11
Xanthippe

Ben
    $2000 30
the crucible

Triple Stumper
    $2000 5
a split-finger fastball

Ben
    $2000 28
a front porch campaign

Ben
    $1,600 20
Debi Thomas

Mary
    $2000 26
Packard

Triple Stumper
    $2000 12
Charles Yerkes

Triple Stumper

Scores at the end of the Double Jeopardy! Round:

Erik Ben Mary
$11,000 $12,600 $11,600

[wagering suggestions for these scores]

Final Jeopardy! Round responses

AMERICANA
(Alex: Interestingly enough we had a clue a few moments ago in the Double Jeopardy! Round with a word in it that would lead you to this playwright.)
...
(Alex: The Crucible.)
ErikWho is Arthur Miller?
$10,998
MaryWho is Arthur Miller?
$11,600
BenWho is Arthur Miller? [happy face]
$10,601
Arthur Miller

Final scores:

Erik Ben Mary
$21,998 $23,201 $23,200
3rd place: trip to San Francisco & stay at the Fairmont Hotel New champion: $23,201 2nd place: trip to Puerto Vallarta & stay at Buganvilias Resort

Game dynamics:

Coryat scores:

Erik Ben Mary
$11,000 $13,400 $12,000
22 R
(including 1 DD),
5 W
15 R
(including 1 DD),
1 W
14 R
(including 1 DD),
2 W

Combined Coryat: $36,400

[game clues] [game scores] [suggest correction]

Game tape date: 2002-01-14
The J! Archive is created by fans, for fans. Scraping, republication, monetization, and malicious use prohibited; this site may use cookies and collect identifying information. See terms. The Jeopardy! game show and all elements thereof, including but not limited to copyright and trademark thereto, are the property of Jeopardy Productions, Inc. and are protected under law. This website is not affiliated with, sponsored by, or operated by Jeopardy Productions, Inc. Join the discussion at JBoard.tv.